[Event "Pop 1988.03.26"]
[Site "Montreal CAN"]
[Date "1988.03.26"]
[Round "3"]
[White "Charest, Johanne"]
[Black "Laforest, Claude"]
[Result "1-0"]
[WhiteElo "1324"]
[BlackElo "1307"]
[PlyCount "83"]
[GameId "2160767912586434"]
[EventDate "1988.03.26"]
[EventType "tourn"]
[EventRounds "3"]
[EventCountry "CAN"]

1. e4 e6 2. d4 d5 3. e5 c5 4. c3 Nc6 5. Nf3 c4 6. Be2 Nge7 7. Bg5 Qb6 8. Qc2 Bd7 9. Nbd2 Ng6 10. a3 h6 11. Be3 Be7 12. Nf1 Nh4 13. Nxh4 Bxh4 14. Nd2 Qc7 15. Nf3 Be7 16. h3 f6 17. exf6 Bxf6 18. Qg6+ Kf8 19. Nh2 Ne7 20. Qc2 Nf5 21. Bd2 Be8 22. Nf3 Bg6 23. Qa4 Kf7 24. g3 Rhe8 25. Bf4 Qc8 26. Be3 Be7 27. Bf4 Nd6 28. Ne5+ Kf6 29. Qd1 Nf7 30. Nxg6 Kxg6 31. Bh5+ Kf6 32. Qg4 Bd6 33. Qg6+ Ke7 34. Qxf7+ Kd8 35. Qxe8+ Kc7 36. Bxd6+ Kxd6 37. Qxc8 Rxc8 38. Kd2 Rf8 39. Rhf1 Rf5 40. Bg4 Rg5 41. Rae1 Rg6 42. a4 1-0

[Event "Pop 1988.04.30"]
[Site "Montreal CAN"]
[Date "1988.04.30"]
[Round "1"]
[White "Charest, Johanne"]
[Black "Muskat, Paul"]
[Result "0-1"]
[WhiteElo "1432"]
[BlackElo "1463"]
[PlyCount "132"]
[GameId "2160767912586377"]
[EventDate "1988.04.30"]
[EventType "tourn"]
[EventRounds "3"]
[EventCountry "CAN"]

1. e4 d5 2. exd5 Qxd5 3. Nc3 Qd6 4. Nf3 c6 5. d3 Bf5 6. Be3 e6 7. Be2 Nf6 8. Qd2 Nbd7 9. a3 Qc7 10. h3 Bd6 11. Nh4 Bg6 12. Nf3 Nd5 13. Bd4 Bf4 14. Qd1 e5 15. Nxd5 cxd5 16. Be3 Bxe3 17. fxe3 e4 18. Nd4 Qg3+ 19. Kf1 Qxe3 20. dxe4 Bxe4 21. c3 O-O 22. Qc1 Qxc1+ 23. Rxc1 Ne5 24. Rd1 Nc4 25. b3 Ne3+ 26. Kf2 Nxd1+ 27. Rxd1 a6 28. Bf3 Rac8 29. Bxe4 dxe4 30. c4 Rcd8 31. Ke3 Rfe8 32. Re1 g6 33. Nc2 Rd3+ 34. Kf4 Rxb3 35. Rxe4 Rxe4+ 36. Kxe4 Rg3 37. Ne3 Rg5 38. Nd5 Rxg2 39. a4 f5+ 40. Ke5 Kf7 41. Kd6 g5 42. Kc7 f4 43. Kxb7 f3 44. Kxa6 f2 45. Ne3 Rg3 46. Nf1 Rxh3 47. c5 Rc3 48. Kb6 h5 49. a5 h4 50. a6 g4 51. a7 Ra3 52. c6 g3 53. c7 g2 54. c8=Q Rb3+ 55. Ka5 gxf1=Q 56. Qd7+ Kf6 57. Qd6+ Kg5 58. Qd5+ Kg4 59. Qe6+ Kf4 60. Qf7+ Kg4 61. Qe6+ Kf4 62. Qf7+ Kg4 63. Qg8+ Kf4 64. Qf7+ Kg4 65. Qg8+ Kf4 66. Qf7+ Kg4 0-1

[Event "Pop 1988.04.30"]
[Site "Montreal CAN"]
[Date "1988.04.30"]
[Round "2"]
[White "Charest, Johanne"]
[Black "Maighan, Henry"]
[Result "0-1"]
[WhiteElo "1432"]
[BlackElo "1470"]
[PlyCount "110"]
[GameId "2160767912586378"]
[EventDate "1988.04.30"]
[EventType "tourn"]
[EventRounds "3"]
[EventCountry "CAN"]

1. e4 c5 2. Nf3 d6 3. d4 cxd4 4. Nxd4 Nf6 5. Nc3 a6 6. Be2 e6 7. f4 Nc6 8. Be3 Be7 9. O-O O-O 10. Qd2 e5 11. fxe5 Nxe5 12. h3 b5 13. a3 Bb7 14. Bd3 d5 15. exd5 Nxd5 16. Nxd5 Qxd5 17. Rf2 Nxd3 18. Qxd3 Bh4 19. Rd2 Rad8 20. Rad1 f5 21. Qb3 f4 22. Bxf4 Rxf4 23. Ne6 Qxb3 24. Rxd8+ Bxd8 25. Rxd8+ Kf7 26. cxb3 Kxe6 27. Re8+ Kd7 28. Rg8 Rf7 29. Rb8 Kc7 30. Re8 Bd5 31. b4 Kd7 32. Re3 Bc4 33. Re1 Re7 34. Rd1+ Kc6 35. Rc1 Kd5 36. Rd1+ Ke5 37. Re1+ Kf6 38. Rxe7 Kxe7 39. Kf2 Kf6 40. h4 h5 41. g3 Kf5 42. Kf3 Bd5+ 43. Ke3 Kg4 44. Kd4 Bc4 45. Kc5 Kxg3 46. Kb6 Kxh4 47. Kxa6 g5 48. b3 g4 49. Ka5 Bxb3 50. Kxb5 g3 51. a4 g2 52. a5 g1=Q 53. a6 Qa7 54. Ka5 Bc4 55. b5 Qc5 0-1

[Event "Pop 1988.04.30"]
[Site "Montreal CAN"]
[Date "1988.04.30"]
[Round "3"]
[White "Marghetis, Aris"]
[Black "Charest, Johanne"]
[Result "1-0"]
[WhiteElo "1495"]
[BlackElo "1452"]
[PlyCount "47"]
[GameId "2160767912586379"]
[EventDate "1988.04.30"]
[EventType "tourn"]
[EventRounds "3"]
[EventCountry "CAN"]

1. d4 d5 2. Nf3 Nf6 3. Bg5 e6 4. Nbd2 Bd6 5. e4 dxe4 6. Nxe4 Be7 7. Nxf6+ Bxf6 8. Bf4 Nc6 9. c3 O-O 10. Bd3 Re8 11. Ne5 Bxe5 12. dxe5 Qd5 13. O-O Nxe5 14. Bxe5 Qxe5 15. Qa4 Rd8 16. Bxh7+ Kf8 17. Rad1 Qf6 18. Rxd8+ Qxd8 19. Rd1 Qf6 20. Qb4+ Ke8 21. Be4 Rb8 22. Qb5+ Kf8 23. Qc5+ Qe7 24. Rd8# 1-0

[Event "Pop 1988.10.13"]
[Site "Montreal CAN"]
[Date "1988.10.13"]
[Round "1"]
[White "Charest, Johanne"]
[Black "Nguyen, Nu Loc"]
[Result "1-0"]
[WhiteElo "1382"]
[BlackElo "1353"]
[PlyCount "86"]
[GameId "2160767912520256"]
[EventDate "1988.10.13"]
[EventType "tourn"]
[EventRounds "3"]
[EventCountry "CAN"]

1. e4 e6 2. d4 d5 3. e5 Nc6 4. Nf3 Bb4+ 5. c3 Ba5 6. Bd3 Nge7 7. O-O Bd7 8. Nbd2 Bb6 9. Nb3 Nf5 10. Bxf5 exf5 11. Re1 Qe7 12. Bg5 Qf8 13. a4 a6 14. Qd3 h6 15. Bd2 O-O-O 16. Nc1 g5 17. h3 g4 18. hxg4 fxg4 19. Nh2 h5 20. b4 Na7 21. a5 Bb5 22. Qf5+ Bd7 23. Qc2 Bxd4 24. cxd4 h4 25. Ne2 h3 26. g3 Rg8 27. Rec1 Nb5 28. Nc3 Qe7 29. Nxb5 Bxb5 30. Bf4 Rd7 31. Qb2 f6 32. exf6 Qxf6 33. Qc3 Re8 34. Bxc7 Qc6 35. Bb6 Qxc3 36. Rxc3+ Kb8 37. Nxg4 Rg7 38. Ne5 Rh8 39. Kh2 Rg5 40. Rac1 Rf5 41. Rf3 Rfh5 42. Rf7 R5h7 43. Rxh7 Rxh7 1-0

[Event "Pop 1988.10.13"]
[Site "Montreal CAN"]
[Date "1988.10.13"]
[Round "2"]
[White "Charest, Johanne"]
[Black "Gareau, Jacques"]
[Result "1-0"]
[WhiteElo "1382"]
[BlackElo "1350"]
[PlyCount "149"]
[GameId "2160767912520257"]
[EventDate "1988.10.13"]
[EventType "tourn"]
[EventRounds "3"]
[EventCountry "CAN"]

1. e4 e5 2. Nf3 Nc6 3. Bc4 d6 4. d3 h6 5. Nc3 a6 6. Be3 Bg4 7. h3 Bh5 8. a3 Qd7 9. Qd2 Bxf3 10. gxf3 O-O-O 11. b4 Nd4 12. Bxd4 exd4 13. Nd5 Ne7 14. a4 Nxd5 15. Bxd5 c6 16. Bc4 Re8 17. Kd1 Be7 18. b5 d5 19. bxc6 Qxc6 20. Bxd5 Qc3 21. Rb1 Qxd2+ 22. Kxd2 Bg5+ 23. Kd1 Re7 24. Rg1 g6 25. Rg4 Kb8 26. h4 Bf6 27. Rf4 Be5 28. Rxf7 Rxf7 29. Bxf7 g5 30. hxg5 hxg5 31. Ke2 Rc8 32. Rb2 Ka7 33. Bd5 Rb8 34. a5 b5 35. axb6+ Rxb6 36. Ra2 Bd6 37. Bc4 Kb7 38. Kf1 Bb4 39. Kg2 Bd2 40. Kf1 a5 41. e5 Rb1+ 42. Kg2 Bb4 43. e6 Re1 44. Kh3 Kc6 45. Kg4 Bd2 46. Kf5 Re2 47. Rb2 Rxf2 48. e7 Rxf3+ 49. Kg6 Re3 50. Bb5+ Kd6 51. e8=Q Rxe8 52. Bxe8 g4 53. Rb1 Ke5 54. Rg1 Kf4 55. Kh5 g3 56. Bc6 Be3 57. Rf1+ Bf2 58. Ra1 Ke3 59. Kg4 Kd2 60. Ra2 Kc3 61. Kf3 Kb4 62. Ra4+ Kc5 63. Rc4+ Kd6 64. Ba4 Ke5 65. Rc5+ Ke6 66. Bb3+ Kf6 67. Rd5 Be1 68. Rc5 Bf2 69. Rxa5 Kg6 70. Ra6+ Kh5 71. Bf7+ Kg5 72. Rc6 Kf5 73. c3 Ke5 74. c4 Be1 75. Re6+ 1-0

[Event "Pop 1988.10.13"]
[Site "Montreal CAN"]
[Date "1988.10.13"]
[Round "3"]
[White "Hebert, Pierre"]
[Black "Charest, Johanne"]
[Result "0-1"]
[WhiteElo "1324"]
[BlackElo "1382"]
[PlyCount "112"]
[GameId "2160767912520258"]
[EventDate "1988.10.13"]
[EventType "tourn"]
[EventRounds "3"]
[EventCountry "CAN"]

1. c4 e5 2. Nc3 Nf6 3. g3 Nc6 4. Bg2 Bb4 5. a3 Bxc3 6. dxc3 d6 7. Nf3 Be6 8. Qb3 Na5 9. Qa4+ c6 10. b4 Nxc4 11. Ng5 Nb6 12. Nxe6 Nxa4 13. Nxd8 Rxd8 14. Bd2 Nb2 15. O-O Nc4 16. Rfd1 h6 17. Be1 O-O 18. Ra2 d5 19. e3 Rfe8 20. Bd2 Nd7 21. f4 e4 22. Bc1 Ndb6 23. Bf1 f5 24. a4 a6 25. a5 Nc8 26. Bxc4 dxc4 27. Rad2 Rxd2 28. Rxd2 Kf7 29. Kf1 Ke7 30. h3 Rd8 31. Rxd8 Kxd8 32. g4 fxg4 33. hxg4 g6 34. Kg2 Ke7 35. g5 h5 36. Bd2 Nd6 37. Be1 Ke6 38. Kh3 Nf5 39. Bd2 Nd6 40. Kg2 Kf5 41. Kh3 Nb5 42. Kh4 Na3 43. Kh3 Nb5 44. Kh4 Na7 45. Kh3 Nc8 46. Kg3 b6 47. axb6 Nxb6 48. Kh4 Nd7 49. Kh3 c5 50. Kh4 cxb4 51. cxb4 Nb6 52. Kg3 Na4 53. Kf2 h4 54. Kg2 c3 55. Bc1 Kg4 56. Kh2 c2 0-1

[Event "Pop 1988.11.12"]
[Site "Montreal CAN "]
[Date "1988.11.12"]
[Round "1"]
[White "Charest, Johanne"]
[Black "Gauthier, Serge"]
[Result "0-1"]
[WhiteElo "1436"]
[BlackElo "1519"]
[PlyCount "102"]
[GameId "2160767912520192"]
[EventDate "1988.11.12"]
[EventType "tourn"]
[EventRounds "3"]
[EventCountry "CAN"]

1. e4 e5 2. Nf3 Nc6 3. Bc4 Bc5 4. c3 Nf6 5. d4 exd4 6. e5 d5 7. exf6 dxc4 8. Qe2+ Be6 9. cxd4 Nxd4 10. Nxd4 Bxd4 11. fxg7 Rg8 12. Na3 Qf6 13. Nb5 O-O-O 14. Nxd4 Qxd4 15. Bg5 Rde8 16. Rd1 Qg4 17. Qxg4 Bxg4+ 18. Be3 Bxd1 19. Kxd1 Rxg7 20. g3 Rg6 21. Kc2 Ra6 22. a3 Re4 23. Rd1 Rd6 24. Rxd6 cxd6 25. Bxa7 Re2+ 26. Kc1 b5 27. Bd4 Re4 28. Be3 d5 29. Kd2 d4 30. Bg5 d3 31. Be3 Kd7 32. Kc3 Ke6 33. b3 Kf5 34. h3 h5 35. bxc4 bxc4 36. a4 Ke6 37. a5 Kd5 38. a6 Kc6 39. a7 Kb7 40. Bc1 Kxa7 41. f3 Re2 42. Bd2 f5 43. g4 hxg4 44. hxg4 fxg4 45. fxg4 Kb7 46. g5 Rg2 47. Be3 Kc6 48. g6 Rc2+ 49. Kd4 d2 50. Bxd2 Rxd2+ 51. Kxc4 Rg2 0-1

[Event "Pop 1988.11.12"]
[Site "Montreal CAN "]
[Date "1988.11.12"]
[Round "2"]
[White "Blain, Jean"]
[Black "Charest, Johanne"]
[Result "0-1"]
[WhiteElo "1425"]
[BlackElo "1423"]
[PlyCount "80"]
[GameId "2160767912520193"]
[EventDate "1988.11.12"]
[EventType "tourn"]
[EventRounds "3"]
[EventCountry "CAN"]

1. e4 e5 2. Nf3 Nc6 3. d4 exd4 4. Bc4 Be7 5. e5 d6 6. Bf4 dxe5 7. Nxe5 Nxe5 8. Bxe5 Bf6 9. Qf3 Nh6 10. Bxf6 Qxf6 11. Qxf6 gxf6 12. Nd2 Be6 13. Be2 Rd8 14. O-O Bf5 15. Rfe1 O-O 16. Bf3 b6 17. Ne4 Kg7 18. Rad1 Rfe8 19. h3 Rd7 20. g4 Bg6 21. c3 Red8 22. c4 f5 23. Ng3 fxg4 24. hxg4 d3 25. Bd5 Nxg4 26. Ne4 Nf6 27. Nxf6 Kxf6 28. Re3 Rd6 29. b4 c6 30. Bg2 d2 31. Bf1 Bc2 32. Be2 Bxd1 33. Bxd1 Rd3 34. Re4 R3d4 35. Rxd4 Rxd4 36. c5 Rxb4 37. Kf1 Re4 38. Be2 bxc5 39. f3 Re8 40. a4 a5 0-1

[Event "Pop 1988.11.12"]
[Site "Montreal CAN "]
[Date "1988.11.12"]
[Round "3"]
[White "Charest, Johanne"]
[Black "Labrie, Robert"]
[Result "0-1"]
[WhiteElo "1436"]
[BlackElo "1499"]
[PlyCount "44"]
[GameId "2160767912520194"]
[EventDate "1988.11.12"]
[EventType "tourn"]
[EventRounds "3"]
[EventCountry "CAN"]

1. e4 e5 2. Nf3 Nc6 3. Bc4 Bc5 4. c3 d6 5. d4 exd4 6. cxd4 Bb4+ 7. Nc3 Bg4 8. h3 Bh5 9. O-O Nf6 10. a3 Bxf3 11. Qxf3 Nxd4 12. Qd3 Bxc3 13. Qxc3 Ne6 14. Bg5 Nxg5 15. Bd3 O-O 16. Rfe1 Re8 17. Rad1 Qd7 18. e5 Nd5 19. Qd4 Rxe5 20. Rxe5 dxe5 21. Qh4 Qd8 22. Bc4 Nf3+ 0-1

[Event "Pre-COQ"]
[Site "Montreal CAN"]
[Date "1988.07.10"]
[Round "3"]
[White "Morin, Louis"]
[Black "Bergeron, Marc"]
[Result "0-1"]
[WhiteElo "1865"]
[BlackElo "1911"]
[PlyCount "118"]
[GameId "2160767912520607"]
[EventDate "1988.07.09"]
[EventType "swiss"]
[EventRounds "4"]
[EventCountry "CAN"]
[SourceTitle "hb 2013"]

1. e4 Nc6 2. Nf3 e5 3. Nc3 Nf6 4. Bb5 Bb4 5. O-O O-O 6. Bxc6 dxc6 7. d3 Re8 8. Qe2 Qe7 9. a3 Bd6 10. Bg5 h6 11. Bxf6 Qxf6 12. Rad1 Bg4 13. h3 Bxf3 14. Qxf3 Qxf3 15. gxf3 Rad8 16. Ne2 Re7 17. c3 c5 18. d4 cxd4 19. cxd4 Red7 20. d5 h5 21. Kh2 g6 22. Nc3 a6 23. Kg2 h4 24. b4 Be7 25. f4 exf4 26. e5 Kg7 27. Kf3 g5 28. Ke4 Kg6 29. f3 Re8 30. Kd4 Bf8 31. Rfe1 Bg7 32. Re2 Kf5 33. Kc4 Rxe5 34. Rxe5+ Bxe5 35. Ne4 b6 36. Re1 Re7 37. Rg1 f6 38. a4 Bd6 39. b5 a5 40. Re1 Bb4 41. Re2 Re5 42. Kd4 Bc5+ 43. Kc4 Be3 44. Nc3 Kg6 45. Rg2 f5 46. Rh2 Kf6 47. Re2 Bc5 48. Kd3 Re3+ 49. Rxe3 fxe3 50. Ke2 Ke5 51. Kd3 Kf4 52. Ke2 Bd4 53. d6 cxd6 54. Nd5+ Ke5 55. Ne7 Bc5 56. Ng6+ Kd4 57. f4 g4 58. Nxh4 gxh3 59. Nxf5+ Ke4 0-1

[Event "Pre-COQ"]
[Site "Montreal CAN"]
[Date "1988.07.10"]
[Round "4"]
[White "Morin, Louis"]
[Black "Desforges, Jean"]
[Result "1-0"]
[WhiteElo "1865"]
[BlackElo "1913"]
[PlyCount "57"]
[GameId "2160767912520608"]
[EventDate "1988.07.09"]
[EventType "swiss"]
[EventRounds "4"]
[EventCountry "CAN"]
[SourceTitle "hb 2013"]

1. e4 d5 2. exd5 Nf6 3. Bb5+ Bd7 4. Bc4 b5 5. Bb3 Bg4 6. Nf3 Nxd5 7. Nc3 Nxc3 8. Ne5 Qd4 9. Qxg4 Qxe5+ 10. Kf1 f5 11. Qf3 Ne4 12. d3 c5 13. dxe4 c4 14. exf5 Qd6 15. Bf4 Qc6 16. Qh5+ Kd8 17. a4 cxb3 18. cxb3 Nd7 19. Rd1 bxa4 20. h4 Qb5+ 21. Kg1 axb3 22. Qf7 a5 23. Rh3 a4 24. Rc3 Ra7 25. Rc8+ Kxc8 26. Qe8+ Kb7 27. Rxd7+ Kc6 28. Rb7+ Kxb7 29. Qxb5+ 1-0

[Event "Quebec op"]
[Site "Montreal CAN"]
[Date "1988.??.??"]
[Round "?"]
[White "Billard, Michel"]
[Black "Spraggett, Grant"]
[Result "1-0"]
[WhiteElo "2040"]
[BlackElo "2296"]
[PlyCount "71"]
[GameId "2160767912520457"]
[EventDate "1988.07.24"]
[EventType "swiss"]
[EventRounds "8"]
[EventCountry "CAN"]

1. e4 e5 2. Nf3 d6 3. d4 exd4 4. Nxd4 g6 5. Nc3 Bg7 6. Be3 Nf6 7. f3 O-O 8. Qd2 Re8 9. O-O-O Nc6 10. g4 Ne5 11. Be2 a6 12. g5 Nfd7 13. f4 Nc6 14. h4 Na5 15. h5 c5 16. hxg6 hxg6 17. Nb3 b5 18. Qxd6 Nb7 19. Qd2 c4 20. Nd4 Ndc5 21. Bf3 b4 22. Nd5 Nxe4 23. Bxe4 Rxe4 24. Nc6 Qe8 25. Ncxb4 Bg4 26. Rdg1 Bh5 27. Rxh5 Rxe3 28. Rh4 Re2 29. Rgh1 f5 30. Nf6+ Bxf6 31. Qd5+ Qe6 32. Qxe6+ Rxe6 33. gxf6 Nd8 34. Rh8+ Kf7 35. R1h7+ Kxf6 36. Nd5# 1-0

[Event "Quebec op"]
[Site "Montreal CAN"]
[Date "1988.??.??"]
[Round "?"]
[White "Leveille, Francois"]
[Black "McCrea, Grant"]
[Result "1-0"]
[WhiteElo "2284"]
[BlackElo "1940"]
[PlyCount "41"]
[GameId "2160767912520458"]
[EventDate "1988.07.24"]
[EventType "swiss"]
[EventRounds "8"]
[EventCountry "CAN"]

1. d4 d5 2. c4 dxc4 3. e4 Nf6 4. e5 Nd5 5. Bxc4 Nb6 6. Bb3 Nc6 7. Nf3 Bf5 8. d5 Na5 9. Nc3 Bg4 10. Be3 g6 11. e6 f6 12. Ba4+ c6 13. b4 Nxa4 14. Qxa4 Bxf3 15. gxf3 Nc4 16. dxc6 Nb2 17. c7+ Nxa4 18. cxd8=Q+ Rxd8 19. Nxa4 Rd6 20. Nc5 b6 21. Na6 1-0

[Event "Quebec op"]
[Site "Montreal CAN"]
[Date "1988.07.??"]
[Round "?"]
[White "Klarner, William"]
[Black "Morin, Roch"]
[Result "1/2-1/2"]
[WhiteElo "2235"]
[BlackElo "2031"]
[PlyCount "98"]
[GameId "2160767912520460"]
[EventDate "1988.07.24"]
[EventType "swiss"]
[EventRounds "8"]
[EventCountry "CAN"]
[SourceTitle "EXT 2022"]
[Source "ChessBase"]
[SourceDate "2021.10.06"]
[SourceVersion "1"]
[SourceVersionDate "2021.10.06"]
[SourceQuality "1"]

1. e4 e5 2. Bc4 Nf6 3. d3 c6 4. Nf3 Be7 5. O-O d6 6. c3 O-O 7. Nbd2 Nbd7 8. Re1 Qc7 9. Bb3 Nc5 10. Bc2 Ne6 11. Nf1 Ne8 12. d4 f6 13. Bb3 Kh8 14. Nh4 g6 15. Qd2 Bd8 16. Qh6 Rg8 17. g3 Be7 18. Qe3 Rg7 19. f4 Nf8 20. f5 g5 21. Ng2 a5 22. Qf3 a4 23. Bc2 Bd8 24. h4 g4 25. Qe2 h5 26. Bh6 Rg8 27. Qd2 Qh7 28. Kh2 exd4 29. cxd4 Ba5 30. Qe3 Bxe1 31. Rxe1 Nd7 32. Bf4 Qe7 33. Qa3 c5 34. Bb3 cxd4 35. Bxg8 Kxg8 36. Nd2 Ne5 37. Rc1 Bd7 38. Ne1 Bc6 39. Qb4 Qf7 40. a3 d3 41. Rc3 d5 42. Bxe5 fxe5 43. Nxd3 dxe4 44. Nxe5 Qxf5 45. Qc4+ Kg7 46. Qd4 Rd8 47. Qxd8 Qf2+ 48. Kh1 e3+ 49. Rxc6 Qe1+ 1/2-1/2

[Event "Quebec op"]
[Site "Montreal CAN"]
[Date "1988.07.??"]
[Round "?"]
[White "Klarner, William"]
[Black "Savage, Philippe"]
[Result "1-0"]
[WhiteElo "2235"]
[BlackElo "1700"]
[PlyCount "49"]
[GameId "2160767912520461"]
[EventDate "1988.07.24"]
[EventType "swiss"]
[EventRounds "8"]
[EventCountry "CAN"]
[SourceTitle "EXT 2022"]
[Source "ChessBase"]
[SourceDate "2021.10.06"]
[SourceVersion "1"]
[SourceVersionDate "2021.10.06"]
[SourceQuality "1"]

1. e4 c5 2. Nf3 d6 3. d4 cxd4 4. Nxd4 Nf6 5. Nc3 a6 6. Bg5 e6 7. Be2 Be7 8. Qd2 Qc7 9. Nb3 Nc6 10. O-O-O Bd7 11. f4 Rd8 12. Bf3 h6 13. Bxf6 gxf6 14. Rhe1 b5 15. Kb1 b4 16. Ne2 a5 17. Nbd4 Nxd4 18. Nxd4 e5 19. Nf5 Bxf5 20. exf5 Kf8 21. Bd5 Kg7 22. Qe2 Rc8 23. Rc1 Rhf8 24. Qg4+ Kh7 25. Bxf7 1-0

[Event "Quebec op"]
[Site "Montreal CAN"]
[Date "1988.07.??"]
[Round "?"]
[White "Regnier, Alain"]
[Black "Labelle, Jacques"]
[Result "0-1"]
[WhiteElo "2244"]
[BlackElo "2094"]
[PlyCount "24"]
[GameId "2160767912520462"]
[EventDate "1988.07.24"]
[EventType "swiss"]
[EventRounds "8"]
[EventCountry "CAN"]
[SourceTitle "EXT 2022"]
[Source "ChessBase"]
[SourceDate "2021.10.06"]
[SourceVersion "1"]
[SourceVersionDate "2021.10.06"]
[SourceQuality "1"]

1. d4 Nf6 2. c4 c5 3. d5 e6 4. Nc3 exd5 5. cxd5 d6 6. Nf3 g6 7. e4 Bg7 8. Qa4+ Nbd7 9. Bf4 O-O 10. Bxd6 Nb6 11. Qb5 Qxd6 12. e5 Qe7 0-1

[Event "Quebec op"]
[Site "Montreal CAN"]
[Date "1988.07.24"]
[Round "1"]
[White "Arsenault, Michel"]
[Black "Billard, Michel"]
[Result "0-1"]
[WhiteElo "1859"]
[BlackElo "2040"]
[PlyCount "120"]
[GameId "2160767912520463"]
[EventDate "1988.07.24"]
[EventType "swiss"]
[EventRounds "8"]
[EventCountry "CAN"]
[SourceTitle "FQE 03"]

1. e4 e5 2. Nf3 Nc6 3. Bb5 f5 4. Nc3 fxe4 5. Nxe4 d5 6. Nxe5 dxe4 7. Nxc6 Qg5 8. Qe2 Nf6 9. f4 Qxf4 10. d4 Qd6 11. Nxa7+ c6 12. Nxc8 Qb4+ 13. Kd1 Qxb5 14. c4 Qa5 15. Rf1 Rxc8 16. g4 Rd8 17. Kc2 h6 18. h4 Bd6 19. Bd2 Qa7 20. Bc3 Kd7 21. g5 hxg5 22. hxg5 Rh2 23. Rf2 Rdh8 24. gxf6 Rxf2 25. Qxf2 Rh2 26. Qxh2 Bxh2 27. fxg7 Qb8 28. Rh1 Qg3 29. g8=Q Qxg8 30. Rxh2 Qxc4 31. Rh7+ Ke6 32. Rxb7 Qxa2 33. Rb8 Qa6 34. Re8+ Kf5 35. Rf8+ Kg4 36. Kb3 Qb5+ 37. Kc2 Qd3+ 38. Kb3 e3 39. Rf6 e2 40. Re6 Qb5+ 41. Ka3 Qc4 42. Re5 Kf4 43. Rc5 Qa6+ 44. Ra5 Qd3 45. Re5 Qc4 46. Rc5 Qg8 47. Re5 Qa8+ 48. Kb3 Qa1 49. Kb4 Kf3 50. Kb3 Qb1 51. Ka3 Qd3 52. Kb4 Kf2 53. Kb3 Qa6 54. Kb4 Qa2 55. Re8 Qd5 56. Ka3 c5 57. dxc5 Qxc5+ 58. Ka2 Qc4+ 59. Kb1 Qd3+ 60. Ka2 Qa6+ 0-1

[Event "Quebec op"]
[Site "Montreal CAN"]
[Date "1988.07.24"]
[Round "1"]
[White "Benson, Daniel"]
[Black "Vallieres, Mario"]
[Result "1/2-1/2"]
[WhiteElo "1838"]
[BlackElo "2014"]
[PlyCount "46"]
[GameId "2160767912520464"]
[EventDate "1988.07.24"]
[EventType "swiss"]
[EventRounds "8"]
[EventCountry "CAN"]
[SourceTitle "FQE 03"]

1. e4 e6 2. d4 d5 3. Nc3 Nf6 4. e5 Nfd7 5. f4 c5 6. Nf3 Nc6 7. Be3 Qb6 8. Na4 Qa5+ 9. c3 cxd4 10. b4 Qc7 11. Nxd4 Nxd4 12. Bxd4 Be7 13. Bd3 a6 14. Qe2 g6 15. O-O Rb8 16. Rfc1 b5 17. Nb2 Nb6 18. Qe3 Nc4 19. Nxc4 dxc4 20. Be4 Bd7 21. Ba7 Rc8 22. Bb6 Qb8 23. Ba7 Qc7 1/2-1/2

[Event "Quebec op"]
[Site "Montreal CAN"]
[Date "1988.07.24"]
[Round "1"]
[White "Ber, Yves"]
[Black "Parent, Francois"]
[Result "1/2-1/2"]
[WhiteElo "2002"]
[BlackElo "1802"]
[PlyCount "107"]
[GameId "2160767912520465"]
[EventDate "1988.07.24"]
[EventType "swiss"]
[EventRounds "8"]
[EventCountry "CAN"]
[SourceTitle "FQE 03"]

1. d4 Nf6 2. c4 e6 3. Nf3 b6 4. g3 Bb7 5. Bg2 c5 6. O-O cxd4 7. Nxd4 Bxg2 8. Kxg2 Be7 9. Nc3 O-O 10. e4 d6 11. b3 Qc8 12. Ba3 Qb7 13. f3 a6 14. Rf2 Nbd7 15. Rd2 Rfd8 16. Nde2 Nc5 17. Qc2 d5 18. exd5 exd5 19. cxd5 Nxd5 20. Nxd5 Rxd5 21. Rxd5 Qxd5 22. Rd1 Qb7 23. Bxc5 Bxc5 24. Qf5 Qe7 25. Nf4 g6 26. Qd5 Re8 27. h4 a5 28. Qc6 Qe3 29. Kh3 Kf8 30. Qf6 Qe5 31. Qxe5 Rxe5 32. Rd7 Re3 33. Rd3 Re1 34. Rd8+ Kg7 35. Nd3 Rd1 36. Rd7 Be3 37. Ne5 Rxd7 38. Nxd7 f6 39. Kg2 Kf7 40. Kf1 Ke7 41. Ke2 Bg1 42. Nb8 Kd6 43. b4 Kc7 44. Na6+ Kb7 45. b5 h5 46. f4 f5 47. Kf3 Kc8 48. Ke2 Bd4 49. Kf1 Bc3 50. Ke2 Kb7 51. Ke3 Be1 52. Kf3 Kc8 53. Kg2 Kb7 54. Kf3 1/2-1/2

[Event "Quebec op"]
[Site "Montreal CAN"]
[Date "1988.07.24"]
[Round "1"]
[White "De Lagrave, Sylvain"]
[Black "Leveille, Francois"]
[Result "0-1"]
[WhiteElo "1921"]
[BlackElo "2284"]
[PlyCount "70"]
[GameId "2160767912520466"]
[EventDate "1988.07.24"]
[EventType "swiss"]
[EventRounds "8"]
[EventCountry "CAN"]
[SourceTitle "FQE 03"]

1. e4 c5 2. Nf3 d6 3. d4 cxd4 4. Nxd4 Nf6 5. Nc3 a6 6. Bg5 e6 7. f4 Qb6 8. Qd2 Qxb2 9. Rb1 Qa3 10. f5 Nc6 11. fxe6 fxe6 12. Nxc6 bxc6 13. e5 dxe5 14. Bxf6 gxf6 15. Be2 Qd6 16. Bh5+ Ke7 17. Qe2 Qd4 18. Ne4 f5 19. Nd2 Bh6 20. Nb3 Qc3+ 21. Kf2 a5 22. Qd3 Qxd3 23. cxd3 a4 24. Na1 Ba6 25. Be2 Rab8 26. Nc2 c5 27. Ne3 Bxe3+ 28. Kxe3 Kd6 29. Rhc1 Rb4 30. Rxb4 cxb4 31. Bd1 a3 32. g3 Rc8 33. Rxc8 Bxc8 34. h3 Bb7 35. Bc2 Bd5 0-1

[Event "Quebec op"]
[Site "Montreal CAN"]
[Date "1988.07.24"]
[Round "1"]
[White "Fraser, Michel"]
[Black "Zaldivar, Rigoberto"]
[Result "1-0"]
[WhiteElo "2107"]
[BlackElo "1888"]
[PlyCount "45"]
[GameId "2160767912520467"]
[EventDate "1988.07.24"]
[EventType "swiss"]
[EventRounds "8"]
[EventCountry "CAN"]
[SourceTitle "FQE 03"]

1. d4 d5 2. Nf3 Nf6 3. Bf4 e6 4. e3 Bd6 5. Bg3 Ne4 6. Bd3 Nxg3 7. hxg3 h6 8. Nbd2 Nc6 9. e4 Be7 10. e5 Bd7 11. c3 a6 12. a4 Na7 13. b4 c6 14. a5 Nb5 15. Qc2 Qc7 16. Nb3 O-O-O 17. O-O-O Kb8 18. Kb2 g5 19. g4 Ka7 20. Rh5 f6 21. Rdh1 fxe5 22. Nxe5 Be8 23. Rxh6 1-0

[Event "Quebec op"]
[Site "Montreal CAN"]
[Date "1988.07.24"]
[Round "1"]
[White "Labelle, Jacques"]
[Black "Marquis, Paul"]
[Result "1/2-1/2"]
[WhiteElo "2094"]
[BlackElo "1863"]
[PlyCount "52"]
[GameId "2160767912520468"]
[EventDate "1988.07.24"]
[EventType "swiss"]
[EventRounds "8"]
[EventCountry "CAN"]
[SourceTitle "FQE 03"]

1. d4 Nf6 2. c4 e6 3. Nc3 Bb4 4. e3 b6 5. Nge2 Ne4 6. Qc2 f5 7. a3 Bxc3+ 8. Nxc3 Bb7 9. b4 Nxc3 10. Qxc3 Qf6 11. Bb2 a5 12. b5 d6 13. Qd2 Nd7 14. c5 Bd5 15. Rc1 Qd8 16. cxd6 cxd6 17. Be2 O-O 18. Bf3 Bxf3 19. gxf3 Rc8 20. Ke2 Nb8 21. a4 Rf7 22. Ba3 d5 23. Rxc8 Qxc8 24. Rc1 Rc7 25. Rxc7 Qxc7 26. Qc1 Qxc1 1/2-1/2